000 01189cam a22002174a 4500
005 20250605164137.0
008 250528s ||||||||||||||||||||||||d
035 _a18810
020 _a803972393
040 _aGR-AtMCL
_bgre
_dGR-AtMCL
_eAACR2
245 1 _aProfiling Violent Crimes / An Investigative Tool
250 _a2nd
260 _bSage Publications,
_c1996
300 _a210
520 _aThis book contributes significantly to the knowledge about violent personalities and behaviors. Preface and Acknowledgements, Psychological Profiling: An Introduction, Profiling in Fantasy and Fact, Criminal Theories and Psychological Profiling, The Rationale for Psychological Profiling, The Analysis of the Crime Scene, Profiling Serial Murderers, Arson and Psychological Profiling, Psychological Profiling and Rape, Pedophilia and Psychological Profiling, Geography and Profiling and Predatory Criminals, Computer Database Construction for Psychological Profiling, The Victim in Psychological Profiling, Profiling and the Future, References, Index.
700 1 _aHolmes Ronald M
_95071
700 1 _aHolmes Stephen T
_95072
942 _cBK
999 _c4123
_d4123